000 00551nam a22002177a 4500
003 UA-OsUOA
001 90470
007 ta
008 20121116b un ||||| |||| 00| 0 ukr d
100 _aЛясковский В.
090 _a821.161.2
_bЛ97
942 _cBK
040 _aUA-OsUOA
_brus
_cUA-OsUOA
_dUA-OsUOA
245 _aНа краю света
955 _a3
041 _arus
080 _a821.161.2
260 _aОдесса
_bОдесское областное издательство
_c1953
650 7 _2UDC
999 _c376576
_d376576